[Event "Cappelle op 31st"]
[Site "Cappelle la Grande"]
[Date "2015.03.05"]
[Round "7"]
[White "Bachmann, Axel"]
[Black "Li, Chao B"]
[Result "1/2-1/2"]
[WhiteElo "2601"]
[BlackElo "2728"]
[Annotator "RR"]
[PlyCount "57"]
[EventDate "2015.02.28"]
[EventType "swiss"]
[EventRounds "9"]
[EventCountry "FRA"]
[SourceTitle "EXT 2016"]
[Source "ChessBase"]
[SourceDate "2015.10.08"]
[SourceVersion "1"]
[SourceVersionDate "2015.10.08"]
[SourceQuality "1"]

1. Nf3 d5 2. g3 g6 3. Bg2 Bg7 4. c4 d4 $1 5. O-O c5 6. e3 Nc6 7. exd4 cxd4 8.
d3 Nf6 9. a3 (9. Re1 Nd7 10. Nbd2 O-O 11. Ne4 h6 12. a3 a5 13. Rb1 a4 14. Nh4
Kh7 15. f4 f5 16. Nf2 e5 17. Nf3 Re8 18. b4 axb3 19. Rxb3 exf4 20. Bxf4 Nc5 21.
Rb5 b6 22. Nd2 Bd7 23. Rxe8 Bxe8 24. Nb3 Rxa3 25. Nxc5 bxc5 26. Rxc5 Qa8 27.
Rb5 Ra1 28. Rb1 Rxb1 29. Qxb1 Qa5 30. h4 Ne5 31. Bd5 Nd7 32. Kg2 Nf6 33. Bf3
Nh5 34. Bd6 Qa6 35. Qb8 Bc6 36. Bd5 Bxd5+ 37. cxd5 Nf6 38. Be5 Nxd5 {Caruana,F
(2791)-Svidler,P (2753) Dubai 2014 1/2-1/2}) 9... a5 10. Re1 O-O 11. Nbd2 Bf5
12. Qc2 Rc8 13. Rb1 Re8 $146 (13... b5 14. Nh4 Be6 15. Rxe6 fxe6 16. cxb5 Ne5
17. Qb3 Qd7 18. Ne4 a4 19. Qxa4 Nxd3 20. Qd1 Nxe4 21. Bxe4 Nxf2 {0-1 (21)
Lafuente,P (2360)-Franchi,G Buenos Aires 2001}) 14. b4 axb4 15. axb4 b5 $1 16.
Nh4 Bd7 17. Qb3 e5 $11 18. Nhf3 e4 19. dxe4 bxc4 20. Qxc4 Ne5 21. Qf1 {Le Bc1
n'est toujours pas développé et l'ouverture des Blancs n'est pas une
réussite} Nxf3+ 22. Bxf3 Rc2 $36 23. b5 Qb6 24. e5 Ng4 25. Be4 Ra2 26. Bd5 Rc2
27. Be4 Ra2 28. Bd5 Rc2 29. Be4 1/2-1/2

[Event "Cappelle op 31st"]
[Site "Cappelle la Grande"]
[Date "2015.03.04"]
[Round "6"]
[White "Iturrizaga Bonelli, Eduardo"]
[Black "Riff, Jean Noel"]
[Result "1/2-1/2"]
[WhiteElo "2640"]
[BlackElo "2507"]
[Annotator "RR"]
[PlyCount "41"]
[EventDate "2015.02.28"]
[EventType "swiss"]
[EventRounds "9"]
[EventCountry "FRA"]
[SourceTitle "EXT 2016"]
[Source "ChessBase"]
[SourceDate "2015.10.08"]
[SourceVersion "1"]
[SourceVersionDate "2015.10.08"]
[SourceQuality "1"]

1. Nf3 c5 2. c4 Nf6 3. g3 d5 4. Bg2 Nc6 5. O-O d4 6. e3 e5 7. exd4 exd4 8. d3
Be7 9. Bf4 O-O 10. Ne5 Nxe5 11. Bxe5 Ng4 12. Re1 (12. Bf4 Bd6 13. h3 Bxf4 14.
hxg4 Bd6 15. Nd2 Rb8 16. Bd5 Re8 17. Qf3 Be6 18. Rfe1 Qd7 19. Bxe6 Rxe6 20. Re4
Bf8 21. Rae1 Rf6 22. Qd1 h6 23. a3 a6 24. Nf3 b5 25. Ne5 Qc7 26. f4 Bd6 27.
cxb5 axb5 28. Nf3 Qd7 29. g5 hxg5 30. Nxg5 Rh6 31. Qe2 Rf8 32. Kg2 Qc6 33. Qf3
Bc7 34. Re8 Bd8 35. Qxc6 Rxc6 36. Nf3 Bf6 37. g4 g6 38. g5 Bg7 39. R1e4 c4 40.
Rxf8+ Kxf8 41. Nxd4 cxd3 {Kramnik,V (2803)-Anand,V (2786) Moscow 2013 1/2-1/2})
12... Bd6 13. Bxd6 Qxd6 14. Nd2 Nf6 15. Ne4 Nxe4 16. Bxe4 Rb8 17. Qh5 $146 (17.
b3 Be6 18. Qf3 b6 19. Re2 Rbe8 20. Rae1 Re7 21. Bf5 g6 22. Bxe6 fxe6 23. Qg4
Rf5 24. f4 Kg7 25. Re5 a5 26. a4 h6 27. h4 h5 28. Qf3 Rf6 29. R1e4 Kf7 30. Re2
Re8 31. Rg5 Re7 32. Ree5 Qc7 33. g4 hxg4 34. Rxg4 Re8 35. Qg3 Rh8 36. h5 Rh6
37. Reg5 Qd6 38. Rxg6 Rhxg6 39. hxg6+ Kg7 40. Qh2 {1-0 (40) Vukic,M (2516)
-Stojanovic,D (2492) Teslic 2006}) 17... g6 18. Qg5 b6 19. Re2 Bd7 20. Rae1
Rbe8 $11 21. Bd5 1/2-1/2

[Event "Rohde op 07th"]
[Site "Sautron"]
[Date "2007.10.31"]
[Round "6"]
[White "Abbasov, Farid"]
[Black "Raetsky, Alexander"]
[Result "1-0"]
[WhiteElo "2507"]
[BlackElo "2410"]
[Annotator "RR"]
[PlyCount "117"]
[EventDate "2007.10.27"]
[EventType "swiss"]
[EventRounds "9"]
[EventCountry "FRA"]
[SourceTitle "EXT 2008"]
[Source "ChessBase"]
[SourceDate "2007.11.25"]
[SourceVersion "1"]
[SourceVersionDate "2007.11.25"]
[SourceQuality "1"]

1. Nf3 d5 2. c4 d4 3. b4 a5 $1 4. b5 {[%csl Gc5]} g6 5. Bb2 {(1h36)} (5. d3)
5... Bg7 {(1h14)} 6. e3 {Les blancs jouent une benoni en premier mais le temps
de plus n'est pas forcément un atout.} e5 7. exd4 {(1h32)} exd4 {1h14} 8. Bd3
$5 $146 ({RR} 8. d3 Ne7 9. g3 c5 10. bxc6 Nexc6 11. Qe2+ Be6 12. Bh3 O-O 13.
Bxe6 Re8 14. O-O Rxe6 15. Qd1 Qb6 16. Bc1 Na6 17. Na3 Nc5 18. Rb1 Qd8 19. Rb5
b6 20. Nc2 h6 21. Ba3 Bf8 22. Qa1 Re2 {Savanovic,A (2386)-Varga,Z (2533)/
Jahorina 2003/CBM 094 ext/0-1 (38)}) 8... Ne7 {1h14 A.RAETSKY devait s'être
préparé а la nouveauté Bd3 puisqu'il a joué trés vite le 8ème coup comme le
mentionne sa feuille de partie.} 9. O-O O-O (9... Nd7 {[%cal Gd7c5]} 10. Re1
O-O (10... Nc5 $143 11. Ba3 $5 {[%csl Re7,Re8][%cal Ga3c5]}) 11. Ba3 Re8 $11)
10. Re1 {1h33} Re8 {54mns} 11. Na3 {[%csl Rd4][%cal Ga3c2]} Nd7 12. Bf1 {1h28}
(12. Nc2 Nc5 13. Bf1 d3 {[%cal Gg7b2]}) 12... Nc5 {[%csl Gc5] 52} 13. d3 {
[%cal Ga3c2]} b6 {37 mns les noirs commencaient а être mal au temps et le
russe a passé près de 20 mns sur ce coup} 14. Nc2 {1h22} Bb7 $1 {36} (14... Ne6
{Plus solide mais les noirs vont obtenir une forte pression sur la faiblesse
"d3"}) 15. Nfxd4 {1h20} Qd7 {[%csl Rd3][%cal Ga8d8] 24} 16. Rb1 {[%cal Gb1b2]}
Rad8 $44 {[%csl Rd3,Rd4] 21} 17. Ba1 {1h17} h6 {Plus que 8 mns (+ l'incrément)
pour passer le contrôle de temps!} (17... Nf5 18. Nxf5 Rxe1 19. Qxe1 Qxf5 20.
Qe7 {[%cal Ge7d8,Ge7c7]}) 18. h3 g5 $138 {[%csl Rf5,Rh5][%cal Ge7g6,Gg6f4]} 19.
Qh5 Ng6 20. Rxe8+ {1h15} Rxe8 {9} 21. Qg4 Qxg4 {5} 22. hxg4 Nf4 {[%csl Rg2]}
23. Rd1 Rd8 {4} 24. Nb3 Nce6 {01 minute!} 25. Bxg7 Kxg7 26. a4 c5 {[%csl Rb6]}
(26... c6 $5) 27. Ne3 Kf6 28. g3 Ng6 29. Bg2 $1 {[%cal Ge3d5]} Bxg2 30. Kxg2
Ne7 31. Nd2 {[%cal Gd2e4]} Kg6 32. Ne4 h5 $2 33. gxh5+ Kxh5 34. Nf6+ {[%csl
Rh5] Il reste peu de pièces sur l'échiquier mais le K noir est néanmoins mal
placé et les blancs gagnent un tempo précieux pour jouer Nd5 attaquant la
faiblesse "b6'"} Kg6 35. Nfd5 $16 {[%csl Rb6]} Nxd5 36. Nxd5 Rd6 $2 $138 (36...
Rb8 $142 {[%cal Gb8b6]}) 37. Ne7+ $1 Kf6 38. Nc8 Rd8 39. Nxb6 $18 {[%csl Gb5]
[%cal Gb5b8] C'est techniquement gagné pour les blancs} Ke5 40. Nd5 Kd4 {
le contrôle de temps est passé mais la position des noirs s'est dégradée} 41.
Kf3 f5 42. Re1 g4+ 43. Ke2 Ng5 44. Ne3 Nf3 45. Rc1 Rf8 46. b6 Ke5 47. Rb1 Nd4+
48. Kd2 Kd6 49. Rh1 Kc6 50. Rh6+ Kb7 51. Nd5 Re8 52. Rh7+ Kc6 53. Rc7+ Kd6 54.
Nc3 Rb8 55. Nb5+ Nxb5 56. cxb5 Rxb6 57. Ra7 Kd5 58. Rxa5 f4 59. Ra6 1-0

[Event "POL-chT 66th"]
[Site "Katowice"]
[Date "2010.09.10"]
[Round "7"]
[White "Czarnota, Pawel"]
[Black "Socko, Bartosz"]
[Result "1/2-1/2"]
[WhiteElo "2524"]
[BlackElo "2657"]
[Annotator "RR"]
[PlyCount "31"]
[EventDate "2010.09.04"]
[EventType "team-tourn"]
[EventRounds "9"]
[EventCountry "POL"]
[SourceTitle "EXT 2016"]
[Source "ChessBase"]
[SourceDate "2015.10.08"]
[SourceVersion "1"]
[SourceVersionDate "2015.10.08"]
[SourceQuality "1"]
[WhiteTeam "Szkola Grudziadz"]
[BlackTeam "Katowice Szopienice"]
[WhiteTeamCountry "POL"]
[BlackTeamCountry "POL"]

1. Nf3 d5 2. c4 d4 3. e3 Nc6 4. b4 (4. exd4 Nxd4 5. Nxd4 Qxd4 6. Nc3 e5) 4...
dxe3 5. fxe3 Nxb4 6. d4 (6. Qa4+ Nc6) 6... e5 $1 (6... e6 7. Nc3 Nf6 8. a3 Nc6
9. Bd3 g6 10. O-O Bg7 11. Bb2 O-O 12. Qe2 b6 13. Rad1 Bb7 14. Kh1 Qe7 15. e4
Rad8 16. d5 exd5 17. cxd5 Na5 18. Rfe1 Nb3 19. Bc4 Nc5 20. e5 Nfd7 21. Bc1 h6
22. Bf4 Kh7 23. Bg3 Rde8 24. Nb5 Qd8 25. e6 c6 26. Nd6 cxd5 27. Nxb7 Nxb7 28.
e7 Rxe7 29. Qxe7 dxc4 30. Rxd7 Qxe7 31. Rdxe7 Nc5 32. Be5 Nd3 33. Bxg7 Kxg7 34.
Rf1 Rc8 35. Nd4 c3 36. Rfxf7+ {Fressinet,L (2693)-Istratescu,A (2628) Le Port
Marly 2012 1-0}) 7. Nxe5 (7. a3 $142 Nc6 8. Be2 {Ikeda,J (2345)-Khenkin,I 
(2659) Australian op 2013 (4) 1/2}) 7... Qh4+ 8. Kd2 Nf6 9. Nc3 Bf5 (9... Bd6
10. a3 Bxe5 11. axb4 Bf5 12. Bd3 Bxd3 13. Kxd3 Ng4 14. Kc2 Bxh2 15. Qf3 O-O 16.
Qh3 g5 17. Ra5 f5 18. Qf3 c6 19. Rxf5 Nh6 20. Rf6 Kg7 21. g3 Qg4 22. Qxg4 Nxg4
23. Rd6 Rf2+ 24. Kb3 Re8 25. e4 h6 26. Rd7+ Rf7 27. Rxf7+ Kxf7 28. d5 Kg6 29.
d6 Bxg3 30. Rg1 Bxd6 31. Rxg4 Rf8 32. c5 Be5 33. Nd1 Rf3+ 34. Kc2 Bf6 35. Rg2
h5 36. Ne3 g4 37. Bd2 Be5 38. Nf5 Kf6 39. Be1 {Arribas Lopez,A (2494)-Hernando
Rodrigo,J (2327) Barcelona 2013 1/2-1/2}) 10. Qf3 Be4 11. Nxe4 Nxe4+ 12. Ke2
Nc3+ {Force une répétion de coups dans une position peu claire} 13. Kd2 Ne4+
14. Ke2 Nc3+ 15. Kd2 Ne4+ 16. Ke2 1/2-1/2

[Event "Asia Cities-ch"]
[Site "Dubai"]
[Date "1992.??.??"]
[Round "8"]
[White "Johansen, Darryl Keith"]
[Black "Barua, Dibyendu"]
[Result "1-0"]
[WhiteElo "2485"]
[BlackElo "2550"]
[Annotator "Rogers,I"]
[PlyCount "87"]
[EventDate "1992.??.??"]
[EventType "team"]
[EventRounds "9"]
[EventCountry "UAE"]
[SourceTitle "CBM 032 Extra"]
[Source "ChessBase"]
[SourceDate "1993.03.01"]
[SourceVersion "1"]
[SourceVersionDate "1993.03.01"]
[SourceQuality "1"]

1. Nf3 ({Johansen's teammate Depasquale preferred a rather more unorthodox
-but far quicker - route to victory in an earlier round of the Asian Cities
Championship in a match against Rasht,Iran. Depasquale-Kavian continued} 1. d4
d6 2. h4 $5 c6 3. Nc3 Nd7 4. g4 $5 e5 5. e4 Be7 6. g5 h6 7. dxe5 dxe5 8. Qf3
hxg5 $4 9. Bc4 $1 {and Black resigned (No. According to the bases, the game
lasted 31 moves! see 1-0 (31) Depasquale,C (2265)-Kawiyan Dubai 1992 CBM 032
ext r6, mhb) because if} Ngf6 10. hxg5 Rxh1 11. Qxh1 Ng8 12. Qh5 g6 13. Qh7 {
wins.}) 1... d5 2. c4 d4 3. g3 g6 4. d3 Bg7 5. Bg2 h6 $6 6. b4 e5 7. Nbd2 Ne7
8. O-O O-O 9. Nb3 g5 10. a4 {The players have staked their claims to opposite
sides of the board. White will gain space on the queenside while Black attacks
on the kingside and in the centre.} Nd7 11. a5 Rb8 12. b5 Ng6 13. Ne1 $1 {
An excellent dual purpose move, avoiding Black's central pawn storm while
repositioning the knight to take part in the queenside assault.} Re8 14. Ba3 f5
15. Nc2 Nf6 16. Nb4 e4 17. a6 $1 {In the nick of time, Johansen makes the
decisive break on the queenside.} Ne5 ({Since Black cannot block the position
with} 17... b6 {due to} 18. Nc6 {, he must allow the opening of lines on
White's side of the board.}) 18. Na5 $1 Bf8 19. axb7 Bxb7 20. Nxb7 Rxb7 21. Qa4
Rb6 22. c5 $1 Bxc5 23. Nc6 $1 Qd6 ({If} 23... Nxc6 24. Bxc5 {wins material.})
24. Bxc5 Qxc5 25. Nxd4 Rd8 $6 26. Qa2+ $1 Qd5 {Since Black cannot countenance
27.Ne6 he must allow exchanges leading to a winning endgame for White.} 27.
Qxd5+ Rxd5 28. Nxf5 Rdxb5 (28... exd3 $2 {loses to} 29. Ne7+) 29. dxe4 a5 $6 {
Weak defence in time trouble but in any case White's centre pawns were ready
to start moving down the board.} 30. Nxh6+ Kh7 31. Nf5 Ned7 32. Rfd1 Rc5 33. f4
gxf4 34. gxf4 Nf8 35. e5 Ng6 36. e3 Nxe5 {Sheer desperation; Black is soon
simply a piece down for nothing.} 37. fxe5 Rxe5 38. Rf1 Ng4 39. e4 Rb2 40. Rfc1
c5 41. Rxa5 Re6 42. Raxc5 Ne5 43. Rc7+ Kg6 44. Re7 1-0

[Event "Olympiad-43"]
[Site "Batumi"]
[Date "2018.09.26"]
[Round "3.10"]
[White "Sadorra, Julio Catalino"]
[Black "Saric, Ivan"]
[Result "1/2-1/2"]
[WhiteElo "2553"]
[BlackElo "2689"]
[Annotator "Sadorra, Julio"]
[PlyCount "69"]
[EventDate "2018.09.24"]
[EventType "team-swiss"]
[EventRounds "11"]
[EventCountry "GEO"]
[SourceTitle "CBM 187"]
[Source "ChessBase"]
[SourceDate "2018.12.11"]
[SourceVersion "1"]
[SourceVersionDate "2018.12.11"]
[SourceQuality "1"]
[WhiteTeam "Philippines"]
[BlackTeam "Croatia"]
[WhiteTeamCountry "PHI"]
[BlackTeamCountry "CRO"]

1. Nf3 d5 2. c4 d4 $5 {This move hasn't been played by my opponent according
to the database and it's not much of a surprise for me as Saric is considered
to be a good theoretician. The game usually goes into a reverse Schmid-Benoni
or Benko.} 3. b4 Bg4 4. Qb3 a5 5. b5 e6 6. g3 a4 7. Qd3 c5 {we were both
recalling theory at this stage} 8. Bg2 Nd7 ({During the game, I also checked} 
8... Bf5 9. e4 dxe3 (9... Bg6 {[%cal Gd3e2,Gd2d3]} 10. Ne5) 10. Qxd8+ Kxd8 11.
fxe3 {[%cal Gb1c3,Gf3e5] and White should have better chances in this ending.})
9. Qc2 Bd6 {Here I stopped to decide between d3 & 0-0.} 10. O-O {I decided on
this as it's more flexible-- I thought maybe I could do just go directly with
e3 later without d3 etc.} (10. d3 {seemed to transpose to the middlegame I
wanted to reach} Ngf6 11. O-O O-O 12. Nbd2 {with a complex reverse Benko game.}
) (10. e3 $2 dxe3 11. dxe3 Bxf3 12. Bxf3 Qf6 $19) 10... h5 $5 {I was quite
surprised by this move as it looked over-ambitious. I stopped to check my
options and eventually I challenged him to do it.} 11. d3 (11. h3 Bxf3 12. Bxf3
(12. exf3 $5 {somehow this escaped my vision during the game} h4 13. f4) 12...
h4) (11. h4 {this gives B a moral and positional victory with his pawn push.}
Ne7 (11... Nh6)) 11... h4 12. Nxh4 (12. Bg5 f6 13. Bxh4 g5) 12... Rxh4 {
This sac looked suspiscious to me as I have enough defensive resources around
my king so far.} 13. gxh4 Qxh4 14. f4 {Before allowing h5-h4, I saw this idea
followed by e4 which refutes the sac, so I thought...} Nh6 {However, when I
saw this move followed by his future progress, I then realized that he has
good positional compensation for the exchange! Therefore, I started focusing
more on calculating the best way to defend.} 15. e4 dxe3 16. Bxe3 Ke7 ({
The most natural and maybe even better as he told me after the game was} 16...
Nf5 {I was intending} 17. Qf2 (17. Bf2 Qh5 {and I was concerned about many
different ideas after Bg3, N going to d4 or e3 (giving back the exchange was
not in my head yet).} (17... Qh6 $5)) 17... Qh5 18. Bxb7 Rb8 19. Be4 Ke7 20.
Nc3 Rh8 21. Rfe1 {I calculated something along these lines I knew he'd still
have threats/ideas but I trusted in the resources of my position around here.}
(21. Rae1 Bh3 (21... Rh6 22. Bxf5 Bxf5 23. Ne4)) 21... Rh6 (21... Nxe3 $5 22.
Rxe3 g5 $13) 22. Bxf5 Bxf5 23. Ne4 {and I should be at least okay here.}) 17.
Bf2 {Now I get an option and was more careful in my thinking this time.} Qh5
18. Bg3 Nf5 19. Nc3 {Careful about preventing his idea and with my
move-orders! After this, he spent plenty of time and I sensed that he was a
bit annoyed that I could do defend against his idea.} ({I was first checking} 
19. Qd2 {but I felt that every tempo matters here} g5 $1 20. Nc3 Nxg3 21. hxg3
gxf4 (21... Rh8) 22. gxf4 Rh8 $40) 19... Rh8 {Keeping the tension and chances
of breaking through, alive!} (19... Ne3 $6 20. Qf2 Nxf1 21. Rxf1 {Without his
"treasured knight" I thought I'm at least equal and maybe I'm even slightly
better as his king now is less safe than mine and I have weak pawns to attack!}
) 20. Ne4 Nf6 ({Strangely, the best move for Black here according to the
engine is the very thing I aimed at preventing:} 20... Nxg3 21. hxg3 g5 $3 {
Still!} 22. Nxd6 (22. Nxg5 Qh2+ 23. Kf2 Bxf4 24. gxf4 Qxf4+ 25. Nf3 (25. Kg1
Qh2+ 26. Kf2 Rh6 $1 $40 (26... Qh4+ 27. Kg1 Qxg5 $40)) 25... Bxf3 26. Bxf3 Rh2+
) 22... Qh2+ 23. Kf2 gxf4 24. Ne4 f3 $1 (24... f5 25. Rh1) (24... Bh3 25. Rg1
Ne5 26. Qc3 {is complex and somewhat unclear.}) 25. Rg1 f5 26. Qd2 $5 (26. Ng5
f4 27. gxf4 fxg2 28. Rxg2 (28. Qd2 Qh4+ 29. Kxg2 Qh2+) 28... Qxf4+ $19) 26...
fxe4 27. Qg5+ Kf7 28. Qxg4 Nf6 29. Qf4 e5 30. Qf5 Rh5 31. Qc8 Rg5 $1 32. Qxb7+
Kg6 $19) 21. Nxd6 Nxg3 22. hxg3 Qh2+ 23. Kf2 Bh3 {With 15 minutes left, I was
more conscious about my time management while also trying to avoid unnecessary
dangers here. Draw was OK result but I also wanted to keep some chances as one
of my teammates was much worse already.} 24. Kf3 {I made this in 3 min, also
to check if he just wanted repetition} (24. Rg1 Ng4+ 25. Kf3 Bxg2+ 26. Rxg2 Qh5
{I thought he'll have at least a draw here and it felt a bit risky}) 24... Bg4+
25. Kf2 {In his turn, I was already checking lines with Rh3 and I thought I
may some chances there} Rh3 26. Nc8+ Kd8 27. Rh1 Qxg3+ 28. Kg1 Rxh1+ 29. Kxh1
Kxc8 (29... Bf5 {I only realized this possibility when we got here,
fortunately I still have resources against it:} 30. Qxa4 Ng4 31. Qa5+ Kd7 32.
Nb6+ Kd6 (32... Ke7 $4 33. Nd5+ $1 (33. Nc8+ Kf6 (33... Ke8 34. Nd6+ Kd7 {
which may win for B!} 35. Bc6+ $3 (35. Kg1 Qf2+ 36. Kh1 Qxf4 37. Kg1 Qd4+)
35... bxc6 36. bxc6+ Kxd6 37. Qd8+ Kxc6 38. Qc8+ Kd6 39. Qd8+ $11) 34. Qd8+ Kg6
35. Qg5+ Kh7 36. Qh5+ Kg8 37. Rf1) 33... exd5 34. Qe1+ $18) 33. Nc8+ Kd7 34.
Nb6+ $11) 30. Rf1 {Much tension & pressure were happening around here as both
of us were also in time trouble. The positions that follow require pure,
accurate calculations.} (30. Qxa4 Bf3) 30... Bh3 31. Rf3 (31. Qf2 Bxg2+ 32.
Qxg2 Qxd3 {I thought I'm the only one risking here}) 31... Qe1+ 32. Rf1 ({
I also considered} 32. Kh2 $5 {but my nerves and emotions were somewhat out of
control that this felt risky to me.} Bf5 {[%cal Rf6g4]}) 32... Qg3 33. Rf3 Qe1+
34. Rf1 Qg3 35. Rf3 {Since Black also had nothing more than equality and
repetition here, we agreed to a draw.} 1/2-1/2

[Event "Hoogovens"]
[Site "Wijk aan Zee"]
[Date "1997.01.27"]
[Round "8"]
[White "Illescas Cordoba, Miguel"]
[Black "Salov, Valery"]
[Result "1/2-1/2"]
[WhiteElo "2635"]
[BlackElo "2665"]
[Annotator "Salov,V"]
[PlyCount "55"]
[EventDate "1997.01.18"]
[EventType "tourn"]
[EventRounds "13"]
[EventCountry "NED"]
[EventCategory "16"]
[SourceTitle "CBM 057"]
[Source "ChessBase"]
[SourceDate "1997.04.01"]
[SourceVersion "1"]
[SourceVersionDate "1997.04.01"]
[SourceQuality "1"]

1. Nf3 d5 2. c4 dxc4 3. e3 e6 4. Bxc4 c5 5. O-O Nf6 6. b3 Nc6 7. Bb2 Be7 8. a3
$6 O-O (8... b6 $142 9. Qc2 Bb7 $15) 9. Qc2 $1 h6 (9... b6 10. Ng5 Re8 11. f4
$36 {>>}) 10. Be2 b6 11. d3 (11. b4 Bb7 12. b5 Nb8 $11) 11... Bb7 12. Nbd2 Nd5
13. Rfd1 Rc8 14. Rac1 Bf6 15. Ne4 Bxb2 16. Qxb2 Qe7 17. Ne5 Rfd8 (17... Nxe5 $5
18. Qxe5 Rfd8 19. Nd2 $1 $11) 18. Nxc6 Bxc6 19. Bf3 Bb5 20. h3 a5 21. d4 $1
cxd4 22. Rxd4 Rxc1+ 23. Qxc1 Ba6 24. Qb2 Rc8 25. Nd2 Nf6 26. Ne4 $1 $11 Nd5 27.
Nd2 Nf6 28. Ne4 1/2-1/2

[Event "Dos Hermanas"]
[Site "Dos Hermanas"]
[Date "1995.??.??"]
[Round "8"]
[White "Illescas Cordoba, Miguel"]
[Black "Salov, Valery"]
[Result "0-1"]
[WhiteElo "2595"]
[BlackElo "2715"]
[Annotator "Salov,V"]
[PlyCount "96"]
[EventDate "1995.04.??"]
[EventType "tourn"]
[EventRounds "9"]
[EventCountry "ESP"]
[EventCategory "18"]
[SourceTitle "CBM 047"]
[Source "ChessBase"]
[SourceDate "1995.08.01"]
[SourceVersion "1"]
[SourceVersionDate "1995.08.01"]
[SourceQuality "1"]

1. Nf3 {Horn,Pe} d5 2. c4 d4 3. e3 Nc6 4. exd4 Nxd4 5. Nxd4 Qxd4 6. Nc3 e5 7.
d3 Ne7 8. Be2 (8. Be3 Qd8 9. g4 Ng6 10. Bg2 Be7 11. h3 O-O 12. Qd2 c6 13. O-O-O
Be6 14. Be4 Qd7 $10 {Stohl-Dautov,Brno 1991}) (8. Qe2 {Horn,Pe: was Salov s
own choice against Short in Belgrade 1987.}) 8... c6 9. O-O Nf5 10. g4 $5 (10.
Ne4 {Horn,Pe} Be7 11. Bd2 Qb6 12. Bc3 $10 {Suba-Ftacnik/Warsaw/1987}) 10... Nh4
11. Be3 Qd6 (11... Qd8 {Horn,Pe} 12. d4 h5 13. dxe5 Qxd1 14. Raxd1 Bxg4 15.
Bxg4 hxg4 $17 {Horn: Filipowicz-Balashov/Warsaw/1990}) 12. Ne4 {Horn: Even
with this move I do not trust the white position.} (12. d4 {Horn,Pe} h5 13. f3
Bd7 14. d5 Qg6 15. dxc6 bxc6 16. Kh1 hxg4 17. fxg4 Bb4 $17 {D.Gurevich-W.
Watson/Saint John op/1988}) 12... Qg6 13. Ng3 Bd6 14. d4 (14. c5 $5 Bc7 15. d4
e4 16. d5 $132) 14... e4 15. Qc2 (15. c5 Bxg3 16. fxg3 Nf3+ 17. Bxf3 exf3 18.
Qxf3 Bxg4 $17) (15. Kh1 $5 {Horn,Pe}) 15... Nf3+ 16. Bxf3 exf3 17. Qe4+ $1 Kf8
(17... Be6 $6 18. Nf5 $1 O-O-O 19. Qxf3 Bxc4 20. Bf4 $36) 18. Bf4 (18. Qxf3
Bxg4 19. Qg2 Re8 $17) (18. Nf5 {Horn,Pe} Bxf5 19. Qxf5 Qxf5 20. gxf5 $17) 18...
Bxf4 19. Qxf4 Bxg4 (19... Qxg4 $5 20. Qd6+ Ke8 21. Rfe1+ Be6 $13) 20. Rfe1 (20.
Qc7 {Horn,Pe} h5 21. Qxb7 Rc8 22. h4 Qf6 23. Qxa7 c5 $1 $17) 20... h5 21. h4
Qf6 (21... Rh6 $5 22. Qc7 Kg8 23. Qxb7 Rf8 24. d5 $132) 22. Qxf6 gxf6 {Horn:
The B is clearly superior to the N.} 23. Rad1 Rd8 24. d5 $1 cxd5 25. cxd5 $2 (
25. Rxd5 $1 Rxd5 26. cxd5 Kg7 27. Re7 Rd8 28. Rxb7 Rxd5 29. Rxa7 Rd1+ 30. Kh2
Rd2 31. Kg1 Rxb2 $15) 25... f5 26. Kh2 Rh6 27. Re5 Rb6 $1 28. Rd2 f4 29. Nf1 $8
(29. Ne4 f6 $19) 29... Re8 30. Rxe8+ Kxe8 31. b3 Rb4 32. Rd3 Re4 33. Nd2 Re2
34. Kg1 Re1+ 35. Kh2 Rd1 36. b4 Bf5 $1 37. Rd4 Bb1 $1 38. a3 Kd7 39. Nxf3 Rxd4
40. Nxd4 Bd3 $1 $19 41. Kg2 (41. Nf3 {Horn,Pe} Kd6 42. Ng5 Kxd5 43. Nxf7 b5 {
/\ Kc4-b3}) 41... Kd6 42. Kf3 Kxd5 43. Nb3 Ke5 44. Nc5 Bc4 45. a4 b6 46. Nd7+
Kf5 47. Nb8 Bb3 48. a5 Ba4 $1 (48... Ba4 49. Na6 Bc6+ 50. Ke2 Bb5+ $19) 0-1